00202nam a2200073Ia 4500008004100000100001400041245004500055260002800100170817s9999 xx 000 0 und d aGupta.R.P 0aPashchatya evam Bharatiya shikshashastri bAgarwal Prakashan Agara